Places where animals live / (Record no. 9661)
[ view plain ]
| 000 -LEADER | |
|---|---|
| fixed length control field | 00939nam a22002897a 4500 |
| 001 - CONTROL NUMBER | |
| control field | 9661 |
| 003 - CONTROL NUMBER IDENTIFIER | |
| control field | FISKH |
| 005 - DATE AND TIME OF LATEST TRANSACTION | |
| control field | 20260128131238.0 |
| 008 - FIXED-LENGTH DATA ELEMENTS--GENERAL INFORMATION | |
| fixed length control field | 260128b cb ||||| |||| 00| 0 eng d |
| 020 ## - INTERNATIONAL STANDARD BOOK NUMBER | |
| International Standard Book Number | 9780462005034 |
| 040 ## - CATALOGING SOURCE | |
| Original cataloging agency | FISKH |
| Language of cataloging | eng |
| Transcribing agency | FISKH |
| Modifying agency | FISKH |
| 050 ## - LIBRARY OF CONGRESS CALL NUMBER | |
| Classification number | PZ7 |
| 082 ## - DEWEY DECIMAL CLASSIFICATION NUMBER | |
| Classification number | 591.7 |
| 100 ## - MAIN ENTRY--PERSONAL NAME | |
| Personal name | Hucknall, Vaughn |
| Relator term | Author |
| 245 ## - TITLE STATEMENT | |
| Title | Places where animals live / |
| Statement of responsibility, etc. | Written by Vaughn Hucknall |
| 260 ## - PUBLICATION, DISTRIBUTION, ETC. | |
| Place of publication, distribution, etc. | Singapore : |
| Name of publisher, distributor, etc. | Marshall Cavendish International , |
| Date of publication, distribution, etc. | 2008 |
| 300 ## - PHYSICAL DESCRIPTION | |
| Extent | 16 pages : |
| Other physical details | photographs ; |
| Dimensions | 19 cm |
| 490 ## - SERIES STATEMENT | |
| Series statement | My pals are here : |
| Volume/sequential designation | 10d |
| 505 ## - FORMATTED CONTENTS NOTE | |
| Formatted contents note | C<br/> |
| 520 ## - SUMMARY, ETC. | |
| Summary, etc. | Some animals live where there is water. Some animals live high up. They live in mountains or in bush. Some animals live where the land is flat. |
| 521 8# - TARGET AUDIENCE NOTE | |
| Target audience note | 100<br/> |
| Source | Lexile estimate<br/> |
| 521 8# - TARGET AUDIENCE NOTE | |
| Target audience note | C<br/> |
| Source | Raz-Plus<br/> |
| 650 ## - SUBJECT ADDED ENTRY--TOPICAL TERM | |
| Topical term or geographic name entry element | My pals are here |
| Form subdivision | Animals |
| 650 ## - SUBJECT ADDED ENTRY--TOPICAL TERM | |
| Topical term or geographic name entry element | How they live |
| Form subdivision | Places |
| 942 ## - ADDED ENTRY ELEMENTS (KOHA) | |
| Source of classification or shelving scheme | Dewey Decimal Classification |
| Koha item type | Books |
| Suppress in OPAC | No |
| Withdrawn status | Lost status | Source of classification or shelving scheme | Damaged status | Not for loan | Collection | Home library | Current library | Shelving location | Date acquired | Total Checkouts | Full call number | Barcode | Date last seen | Copy number | Price effective from | Koha item type |
|---|---|---|---|---|---|---|---|---|---|---|---|---|---|---|---|---|
| Dewey Decimal Classification | Non-Fiction | Footprints International School Library Network Toul Tom Poung Campus | Footprints International School Library Network Toul Tom Poung Campus | TTP Primary Green Bookshelves | 01/28/2026 | HUC 591.7 PZ7 | 2026-0175 | 01/28/2026 | 1 | 01/28/2026 | Books | |||||
| Dewey Decimal Classification | Non-Fiction | Footprints International School Library Network Toul Tom Poung Campus | Footprints International School Library Network Toul Tom Poung Campus | TTP Primary Green Bookshelves | 03/11/2026 | HUC 591.7 PZ7 | FISTK03350 | 03/11/2026 | 2 | 03/11/2026 | Books |
